Nová smernica o pitnej vode

Základné princípy a ciele Smernice (EÚ) 2020/2184 o kvalite vody určenej na ľudskú spotrebu. Parametre kvality pitnej vody a monitorovanie. Použitie vody nespĺňajúcej parametrické hodnoty. Prístupy k posúdeniu a riadeniu rizika. Požiadavky na materiály a chemikálie. Prístup verejnosti k informáciám.

Salvato in:
Dettagli Bibliografici
Autore principale: Valovičová, Zuzana
Altri autori: Gubková, Dáša, Syčová, Milada, Thalmeinerová, Danka, Munka, Karol
Natura: Capitolo di libro
Lingua:slovacco
Soggetti:
Tags: Aggiungi Tag
Nessun Tag, puoi essere il primo ad aggiungerne!!

MARC

LEADER 00000naa a2200000 4500
001 0279291
005 20211026154829.7
041 0 |a slo 
044 |a SK 
245 1 0 |a Nová smernica o pitnej vode  |c Zuzana Valovičová, Dáša Gubková, Milada Syčová, Danka Thalmeinerová, Karol Munka 
520 |a Základné princípy a ciele Smernice (EÚ) 2020/2184 o kvalite vody určenej na ľudskú spotrebu. Parametre kvality pitnej vody a monitorovanie. Použitie vody nespĺňajúcej parametrické hodnoty. Prístupy k posúdeniu a riadeniu rizika. Požiadavky na materiály a chemikálie. Prístup verejnosti k informáciám. 
610 2 0 |a vodohospodárstvo 
610 2 0 |a vodárenstvo 
610 2 0 |a voda pitná 
610 2 0 |a kvalita vody 
610 2 0 |a ochrana vody 
610 2 0 |a smernice 
610 2 0 |a Európska únia 
100 1 |a Valovičová, Zuzana 
700 1 |a Gubková, Dáša 
700 1 |a Syčová, Milada 
700 1 |a Thalmeinerová, Danka 
700 1 |a Munka, Karol